Prefactibilidad técnica y económica de una planta para la producción de solventes de tipo White Spirit a partir de naftas pesadas de petróleo, en el plantel de Moín de la Refinería Costarricense de Petróleo (RECOPE S.A.)
محفوظ في:
| المؤلف الرئيسي: | |
|---|---|
| التنسيق: | كتاب |
| منشور في: |
San José, Costa Rica
2009
|
| الموضوعات: | |
| الوسوم: |
إضافة وسم
لا توجد وسوم, كن أول من يضع وسما على هذه التسجيلة!
|
MARC
| LEADER | 00000nam a2200000Ia 4500 | ||
|---|---|---|---|
| 003 | 001514 | ||
| 005 | 20221231144043.0 | ||
| 008 | 140114s2009 cr a 000 ||s d | ||
| 040 | |c cru CEDI | ||
| 090 | |a TFG 6029 | ||
| 100 | |a Hernández Cascante, Urieth |9 3422 | ||
| 245 | |a Prefactibilidad técnica y económica de una planta para la producción de solventes de tipo White Spirit a partir de naftas pesadas de petróleo, en el plantel de Moín de la Refinería Costarricense de Petróleo (RECOPE S.A.) | ||
| 260 | |c 2009 |b San José, Costa Rica | ||
| 300 | |a ix, 126 hojas; ilustraciones (algunas a color) | ||
| 500 | |a Tesis (licenciatura en ingeniería química)--Universidad de Costa Rica. Facultad de Ingeniería. Escuela de Ingeniería Química | ||
| 650 | |x DISOLVENTES |x PRODUCCION |x PETROLEO |x PRODUCTOS DERIVADOS |x REFINERIAS DE PETROLEO |x ASPECTOS ECONOMICOS |x REFINADORA COSTARRICENSE DE PETROLEO. PLANTEL DE MOIN |9 3423 | ||
| 942 | |c TFG | ||
| 999 | |c 16199 |d 16199 | ||
